[Event "RSA-ch U16"]
[Site "Gauteng"]
[Date "2017.04.08"]
[Round "6"]
[White "Marais, Dawid Jacobus"]
[Black "Ramakgoshi, Glen"]
[Result "1/2-1/2"]
[WhiteElo "1249"]
[BlackElo "1162"]
[PlyCount "37"]
[EventDate "2017.04.05"]
[EventType "swiss"]
[EventRounds "11"]
[EventCountry "RSA"]
[SourceTitle "CBM 177 Extra"]
[Source "ChessBase"]
[SourceDate "2017.04.27"]
[SourceVersion "1"]
[SourceVersionDate "2017.04.27"]
[SourceQuality "1"]

1. e4 e5 2. Nf3 Nc6 3. d4 exd4 4. Nxd4 Bc5 5. Be3 Qf6 6. Nb5 Bd6 7. Bc4 a6 8. Nxd6+ cxd6 9. Nc3 Nge7 10. Qd2 b5 11. Bb3 Bb7 12. Nd5 Nxd5 13. Bxd5 Qxb2 14. 0-0 Qf6 15. Rad1 Qg6 16. f3 0-0 17. Bxc6 Bxc6 18. Qxd6 Qxd6 19. Rxd6 1/2-1/2

[Event "World School-ch U15"]
[Site "Sochi"]
[Date "2016.12.08"]
[Round "5"]
[White "Al Zaabi, Sultan"]
[Black "Marais, Dawid Jacobus"]
[Result "1-0"]
[WhiteElo "1722"]
[BlackElo "1248"]
[PlyCount "67"]
[EventDate "2016.12.03"]
[EventType "swiss"]
[EventRounds "9"]
[EventCountry "RUS"]
[SourceTitle "EXT 2018"]
[Source "ChessBase"]
[SourceDate "2017.10.13"]
[SourceVersion "1"]
[SourceVersionDate "2017.10.13"]
[SourceQuality "1"]

1. Nf3 f5 2. d3 g6 3. h4 Nf6 4. h5 Nxh5 5. e4 d6 6. Rxh5 gxh5 7. Ng5 Kd7 8. Nf7 Qe8 9. Nxh8 Bg7 10. Qf3 Qxh8 11. c3 fxe4 12. Qxe4 Nc6 13. d4 Kd8 14. Be2 Bd7 15. Bxh5 Kc8 16. Na3 e5 17. d5 Ne7 18. Bg5 Bf5 19. Bg4 Bxg4 20. Qxg4+ Kb8 21. Bxe7 e4 22. Rc1 a6 23. Qd7 Ka7 24. Qxc7 Rc8 25. Qa5 e3 26. Nb5+ Kb8 27. Bxd6+ Ka8 28. Qb6 exf2+ 29. Kf1 Bd4 30. Qxd4 Qxd4 31. Nxd4 Rd8 32. Bf4 Rxd5 33. Kxf2 Ra5 34. a3 1-0

[Event "World School-ch U15"]
[Site "Sochi"]
[Date "2016.12.08"]
[Round "6"]
[White "Marais, Dawid Jacobus"]
[Black "Dolgonosov, Konstantin"]
[Result "0-1"]
[WhiteElo "1248"]
[BlackElo "1684"]
[PlyCount "64"]
[EventDate "2016.12.03"]
[EventType "swiss"]
[EventRounds "9"]
[EventCountry "RUS"]
[SourceTitle "EXT 2018"]
[Source "ChessBase"]
[SourceDate "2017.10.13"]
[SourceVersion "1"]
[SourceVersionDate "2017.10.13"]
[SourceQuality "1"]

1. e4 g6 2. d4 Bg7 3. Nf3 c6 4. c4 d5 5. cxd5 cxd5 6. Nc3 dxe4 7. Nxe4 Bg4 8. Be3 Nf6 9. Nc3 0-0 10. Be2 Qa5 11. 0-0 Nd5 12. Nxd5 Qxd5 13. Qd2 Nc6 14. h3 Bf5 15. b3 b5 16. Rac1 Be4 17. Rfd1 Rfd8 18. Rc5 Qxc5 19. dxc5 Rxd2 20. Rxd2 a6 21. Ng5 Bf5 22. Bf3 Rc8 23. Bxc6 Rxc6 24. Rd8+ Bf8 25. Ne6 Bxe6 26. Bh6 Rc8 27. Rxf8+ Rxf8 28. Bxf8 Kxf8 29. Kf1 Bd5 30. g3 a5 31. Ke2 Ke8 32. Kd3 e5 0-1

[Event "World School-ch U15"]
[Site "Sochi"]
[Date "2016.12.06"]
[Round "4"]
[White "Marais, Dawid Jacobus"]
[Black "Van der Westhuizen, Donald"]
[Result "0-1"]
[WhiteElo "1248"]
[BlackElo "1508"]
[PlyCount "80"]
[EventDate "2016.12.03"]
[EventType "swiss"]
[EventRounds "9"]
[EventCountry "RUS"]
[SourceTitle "EXT 2018"]
[Source "ChessBase"]
[SourceDate "2017.10.13"]
[SourceVersion "1"]
[SourceVersionDate "2017.10.13"]
[SourceQuality "1"]

1. e4 e6 2. d4 d5 3. e5 c5 4. c3 Nc6 5. Nf3 Bd7 6. a3 Nge7 7. b4 cxd4 8. cxd4 Nf5 9. Bb5 Nxe5 10. Bxd7+ Nxd7 11. 0-0 Bd6 12. Nc3 a6 13. Be3 Nb6 14. Nd2 Qc7 15. Rc1 Bxh2+ 16. Kh1 Bd6 17. Qg4 Qd8 18. Bg5 Qd7 19. Rfe1 0-0 20. g3 Rac8 21. Kg2 e5 22. Qh3 f6 23. Rh1 g6 24. Bh6 Nxh6 25. Qxd7 Nxd7 26. Rxh6 Rf7 27. Rhh1 Nb6 28. dxe5 fxe5 29. Ne2 Rxc1 30. Rxc1 Rc7 31. Rxc7 Bxc7 32. f4 exf4 33. gxf4 Nc4 34. Nxc4 dxc4 35. a4 b5 36. axb5 axb5 37. Nd4 c3 38. Kf3 Bd6 39. Nc2 h5 40. Ke3 h4 0-1

[Event "World School-ch U15"]
[Site "Sochi"]
[Date "2016.12.03"]
[Round "1"]
[White "Marais, Dawid Jacobus"]
[Black "Zambrano Acebo, Jean Carlos"]
[Result "0-1"]
[WhiteElo "1248"]
[BlackElo "1970"]
[PlyCount "60"]
[EventDate "2016.12.03"]
[EventType "swiss"]
[EventRounds "9"]
[EventCountry "RUS"]
[SourceTitle "EXT 2018"]
[Source "ChessBase"]
[SourceDate "2017.10.13"]
[SourceVersion "1"]
[SourceVersionDate "2017.10.13"]
[SourceQuality "1"]

1. e4 c5 2. Nf3 d6 3. d4 cxd4 4. Nxd4 Nf6 5. Nc3 g6 6. Bd2 Bg7 7. Qf3 0-0 8. 0-0-0 Bg4 9. Qe3 Bxd1 10. Nxd1 Nc6 11. Nb3 Rc8 12. Bd3 Ne5 13. Be2 Qb6 14. Qxb6 axb6 15. f3 Nc4 16. Bxc4 Rxc4 17. Ne3 Ra4 18. Kb1 Rc8 19. Rc1 e6 20. g3 Nd7 21. Ng4 h5 22. Nf2 Ne5 23. Bf4 Nc4 24. c3 Rca8 25. a3 Nxa3+ 26. bxa3 Rxa3 27. Kb2 Ra2+ 28. Kb1 Rxf2 29. h4 Raa2 30. Nd2 Rfxd2 0-1

[Event "RSA-chT U14"]
[Site "Cape Town"]
[Date "2016.01.07"]
[Round "7.4"]
[White "Leenaerts, Evan"]
[Black "Marais, Dawid Jacobus"]
[Result "1-0"]
[WhiteElo "1026"]
[BlackElo "1259"]
[PlyCount "45"]
[EventDate "2016.01.04"]
[EventType "team-tourn"]
[EventRounds "7"]
[EventCountry "RSA"]
[SourceTitle "CBM 170 Extra"]
[Source "ChessBase"]
[SourceDate "2016.02.25"]
[SourceVersion "1"]
[SourceVersionDate "2016.02.25"]
[SourceQuality "1"]
[WhiteTeam "Ekurhuleni"]
[BlackTeam "Tshwane"]
[WhiteTeamCountry "RSA"]
[BlackTeamCountry "RSA"]

1. e4 d5 2. e5 Nc6 3. d4 Bf5 4. Bb5 a6 5. Bxc6+ bxc6 6. Nf3 f6 7. h3 h6 8. 0-0 Bh7 9. Re1 f5 10. e6 Nf6 11. Bf4 g5 12. Be5 Bg7 13. Bxf6 Bxf6 14. Nxg5 Bg6 15. Nf7 Bxf7 16. exf7+ Kxf7 17. Qh5+ Kg7 18. Qxf5 Rf8 19. Re6 Qd7 20. Nc3 Bxd4 21. Qg4+ Kh7 22. Rxh6+ Kxh6 23. Qxd7 1-0

[Event "RSA-ch U14"]
[Site "Waterkloof"]
[Date "2015.04.07"]
[Round "5"]
[White "Marais, Dawid Jacobus"]
[Black "Van der Westhuizen, Donald"]
[Result "1-0"]
[WhiteElo "1211"]
[BlackElo "1483"]
[PlyCount "58"]
[EventDate "2015.04.04"]
[EventType "swiss"]
[EventRounds "9"]
[EventCountry "RSA"]
[SourceTitle "CBM 166 Extra"]
[Source "ChessBase"]
[SourceDate "2015.06.18"]
[SourceVersion "1"]
[SourceVersionDate "2015.06.18"]
[SourceQuality "1"]

1. d4 f5 2. Nf3 Nf6 3. Bg5 g6 4. Nc3 Bg7 5. e3 d6 6. Qd2 0-0 7. Bc4+ e6 8. h4 d5 9. Bb3 h6 10. Bf4 Nc6 11. Ne5 Ne7 12. f3 c6 13. g4 Nd7 14. 0-0-0 b5 15. gxf5 Nxe5 16. dxe5 Nxf5 17. e4 Nxh4 18. Bxh6 Nxf3 19. Qg2 Nh4 20. Qd2 Nf3 21. Qe2 Bxh6+ 22. Kb1 Bg7 23. exd5 cxd5 24. Nxd5 Nxe5 25. Qh2 Ng4 26. Qh7+ Kf7 27. Rhf1+ Nf6 28. Nxf6 Qxf6 29. Rxf6+ Kxf6 1-0